| 000 | 00597nam a2200193 4500 | ||
|---|---|---|---|
| 003 | LK-CoMWRAF | ||
| 005 | 20230928062821.0 | ||
| 008 | 230928b |||||||| |||| 00| 0 eng d | ||
| 040 |
_aLK-CoMWRAF _dLK-CoMWRAF _eLK-CoMWRAF |
||
| 041 | _aeng | ||
| 082 |
_a297.23 _bMAB |
||
| 100 | _aMabrouk, Layla | ||
| 245 |
_aThe Soul's journey after death : _bAn abridgement of Ibn al-Qayyim's kitabar-ruh |
||
| 260 |
_aColombo : _bCeylon baithulmal fund |
||
| 650 | _aDeath -- Religious aspects -- Islam | ||
| 650 | _aFuture life -- Islam | ||
| 650 | _aIslamic doctrine Death & future life | ||
| 942 | _cBK | ||
| 999 |
_c3716 _d3716 |
||